NFL Every Packers Quarterback - Statistics

General Stats
  • This quiz has been taken 395 times
    323 since last reset
  • The average score is 7 of 25
Answer Stats
Year Starts Answer % Correct
2008-21 206 Aaron Rodgers
99%
1992-07 253 Brett Favre
98%
1965-71 64 Bart Starr
91%
2021 1 Jordan Love
77%
1987-92 49 Don Majkowski
43%
2010-11, 13 6 Matt Flynn
43%
2017 9 Brett Hundley
39%
1976-77, 79-85 101 Lynn Dickey
38%
2013 2 Scott Tolzien
24%
2013 1 Seneca Wallace
20%
1984-88 32 Randy Wright
13%
1977-79, 81 32 David Whitehurst
12%
1974-75 19 John Hadl
11%
1976 1 Randy Johnson
11%
1969-70 6 Don Horn
9%
1971-73 29 Scott Hunter
8%
1966-68, 71 9 Zeke Bratkowski
8%
1974 6 Jerry Tagge
5%
1990-91 2 Blair Kiel
4%
1976 3 Carlos Brown
4%
1985 5 Jim Zorn
4%
1974 2 Jack Concannon
3%
1973 3 Jim Del Gaizo
3%
1987 3 Alan Risher
2%
1975 1 Don Milan
2%
No matching quizzes found
Score Distribution
Percent of People with Each Score
Percentile by Number Answered
Your Score History
You have not taken this quiz since the last reset